000 00694cab a2200277 4500
001 ABS50830
008 090401t1994 xxu||||| |||| 00| 0 eng d
035 _a(Sirsi) u64645
041 _aeng
100 _avan Dijk, E.
245 _aCentrefolio: M3 extension and M27
260 _c1994
350 _a0
490 _aProperty Week
_v45(11) 16 June 1994, 29-58(11)
650 _aBASINGSTOKE
650 _aEASTLEIGH
650 _aFAREHAM
650 _aM27 CORRIDOR
650 _aM3 CORRIDOR
650 _aPORTSMOUTH
650 _aSOUTHAMPTON
650 _aWINCHESTER
690 _aPROPERTY-COMMERCIAL PROPERTY-COMMERCIAL PROPERTY MARKET
942 _n0
948 _c04/03/1997
999 _c40271
_d40271